Nations of Napoleon: Total War - Statistics

General Stats
  • This quiz has been taken 1,066 times
  • The average score is 24 of 39
Answer Stats
Hint Answer % Correct
playable France
98%
playable Great Britain
98%
playable Russia
97%
major unplayable Spain
96%
playable Austria-Hungary
95%
playable Prussia
94%
minor Portugal
92%
major unplayable Ottoman Empire
89%
minor Sweden
89%
minor Denmark
86%
minor Batavian Republic
78%
emergent Italy
78%
minor Kingdom of Italy
78%
emergent Poland
75%
emergent United Netherlands
75%
minor Bavaria
71%
emergent Norway
71%
minor Swiss Confederation
66%
emergent Belgium
62%
emergent Ireland
59%
minor Kingdom of Naples
58%
emergent Greece
57%
minor Saxony
57%
minor Italian States
54%
emergent Hungary
52%
emergent Romania
51%
minor Kingdom of Sicily
49%
minor Piedmont-Sardinia
47%
emergent Hannover
43%
emergent Scotland
41%
minor Baden-Wurttemburg
38%
minor Oldenberg
29%
emergent Westphalia
28%
minor Mecklenberg
26%
emergent Hessen-Kassel
24%
emergent Brittany
22%
emergent Catalonia
18%
emergent Courland
14%
emergent Crimean Khanate
11%
No matching quizzes found
Score Distribution
Percent of People with Each Score
Percentile by Number Answered
Your Score History
You have not taken this quiz